| 000 | 00891nam a2200205 a 4500 | ||
|---|---|---|---|
| 008 | 161215t2001 ag |||g |||| 00| 1 spa d | ||
| 020 | _a9500718219 | ||
| 041 | _aspa | ||
| 092 |
_c808.8 _l6 _sBEN |
||
| 100 | 1 |
_aBenedetti, Mario _93212 |
|
| 245 | 3 |
_aLa casa y el ladrillo / _cMario Benedetti |
|
| 250 | _a3a ed. | ||
| 260 |
_aBuenos Aires: _bSudamericana; _c2001. |
||
| 300 | _a153 p. | ||
| 500 | _aBenedetti, M. (2001). La casa y el ladrillo. (3a ed.). Buenos Aires : Sudamericana. | ||
| 505 | _a"Me parezco al que llevaba el ladrillo consigo para mostrar al mundo cómo era su casa" - Bertolt Brecht-. Las palabras de Brencht dan título a esta maravillosa antología de poemas de Benedetti, algunos de los cuales ya entraron en la memoria colectiva de los lectores. | ||
| 590 | _aProyecto 4to libro. Donación Constanzo, Juan Carlos | ||
| 655 |
_aCuentos _92945 |
||
| 942 |
_2ddc _cLIT |
||
| 999 |
_c2395 _d2395 |
||